zpět

Detail výsledku týmu

Hells Bells Beer Pub, Praha

Datum a čas kvízu

30 Celkem bodů Celkový počet nahraných bodů na tomto kvízu bez doplňovacích otázek.
13. Pořadí na kvízu Konečné umístění týmu na tomto kvízu.

Zaznamenané odpovědi

# Otázka Odpověď Body Výsledky
1. Předseda Nejvyššího soudu přij... Pavel Šámal 1
2. Americký týdeník Time zveřejni... Greta Thunbergová 1
3. V pondělí nás ve věku 61 let o... Marie Fredriksson, Per Gessle 0
4. Společnost Walmart se omluvila... propagace užívání drog 0
5. Síň slávy českého hokeje rozší... Milan Hejduk, Jiří Šlégr 0
6. Podíváme se na hlášky z různýc... přilepšit si 0
7. "Dám vám hádanku a když ji uhá... kamizola 1
8. Ty knedlíky připomínají vajíčk... mořské želvy 1
9. „Prase počká. Ty jsi přednější... Pandrholo 1
10. "Žvejka to je hrozný hnus, žve... Willy Wonka 1